00522nam a2200193 a 4500001001300000003000900013005001700022008004100039020001000080082001600090100001300106245007100119260004700190300000900237500003500246505001000281650002400291700001300315nice12345678IN_TiNIC20260116011357.0050524s0000 lona grp 000 0 eng  ac10000a232.91bBUD aBudge, W aLegends of Our Lady Mary the Perpetual Virgin and Her Mother Hanna aLondonbMartin Hopkinson and Companyc0000 a317p aincludes index and biblioraphy2 aIndex aMary-Blessed Virgin1 aBudge, W